U.S.Steel takmer zastavil výrobu ! plynový spor zasiahol aj košické podniky

Bibliographic Details
Main Author: Kizek, Marián (Author)
Format: Article
Language:Slovak
Subjects:

MARC

LEADER 00000nab a2200000 a 4500
001 vtls009459363
003 SK-MaSNL
005 20260303182836.0
008 171108 20090108xo dr er 000 0 slo
038 |a KEVKJB 
040 |a KEVKJB  |b slo  |c KEVKJB  |e AACR2 
041 0 |a slo 
044 |a xo  |c SK 
080 |a 669.1  |2 2001 
080 |a 622.324.5  |2 2001 
100 1 |a Kizek, Marián  |4 aut  |9 877271 
245 1 0 |a U.S.Steel takmer zastavil výrobu !  |b plynový spor zasiahol aj košické podniky  |c Marián Kizek 
300 |b Obr. 
610 2 7 |a U. S. Steel (Košice, Slovensko)  |x dodávky plynu  |2 kevkjb  |9 1053988 
650 0 7 |a plynový spor  |z Ukrajina z Rusko  |2 kevkjb  |9 1211330 
650 0 7 |a zemný plyn  |2 kevkjb  |9 29458 
650 0 7 |a plynová kríza  |2 kevkjb  |9 834394 
651 7 |a Košice (Slovensko)  |2 kevkjb  |9 18694 
773 0 |t Košický Korzár  |g Roč. XII, č. 1 (8.1.2009), s. 3  |x 1335-4566 
852 |a KEVKJB  |b KIS3GCP 
999 |c 2118321  |d 2120251